000 01113nam a2200217Ia 4500
003 Ost
005 20260507075110.0
008 260507s9999||||xx |||||||||||||| ||und||
040 _cfsecg
041 _aara
082 _a330
100 _aالقاضي، زياد عبد الكريم
_eمؤلف
245 0 _aانظمة التشغيل /
_c زياد عبد الكريم القاضي
260 _aعمان:
_bدار المسيرة للنشر والتوزيع,
_c1997
300 _a300 صفحة؛
_c24 سم
520 _aتجد في هذا : مقدمة عامة ، ادارة الذاكرة الرئيسية ، برمجيات ادارة وحدة المعالجة المركزية ، إدارة الادخال والاخراج وادارة وحدات الادخال والاخراج ، برمجيات إدارة العلومات نظام الملفات ، دراسة لحالة واقعية ، نظام التشغيل DOS نظام التشغيل UNIX k تطبيق عملي
653 _aالحواسيب
653 _aالمعارف العامة
653 _aنظام التشغيل
942 _cكتاب
999 _c42869
_d42869